Statistics for NFL Players Who: Had 15+ Sacks in a Season

Click here to take the quiz!

General Stats

  • This quiz has been taken 38 times
    (7 since last reset)
  • The average score is 38 of 100

Answer Stats

Year Sacks Player % Correct
200318.5Michael Strahan
86%
198615.5Sean Jones
86%
201919.0Chandler Jones
86%
201815.5Chris Jones
86%
199315.0Neil Smith
86%
201219.5Aldon Smith
86%
199019.0Bruce Smith
86%
200218.5Jason Taylor
71%
199816.0Reggie White
71%
198915.0Lawrence Taylor
71%
201820.5Aaron Donald
71%
201816.0J.J. Watt
71%
201515.0Khalil Mack
57%
201218.5Von Miller
57%
201615.5Vic Beasley
57%
201919.5Shaquil Barrett
57%
200416.0Dwight Freeney
43%
198615.0Lee Williams
43%
199020.0Derrick Thomas
43%
199815.0Kevin Greene
43%
198422.0Mark Gastineau
43%
198316.0Jacob Green
43%
201319.5Robert Mathis
43%
200816.5John Abraham
43%
201915.5Cameron Jordan
43%
201122.0Jared Allen
43%
201422.0Justin Houston
43%
201119.5DeMarcus Ware
43%
200816.0James Harrison
29%
199217.0Leslie O'Neal
29%
199217.0Tim Harris
29%
200617.0Shawne Merriman
29%
201215.0Cameron Wake
29%
201319.0Robert Quinn
29%
199815.0Chris Doleman
29%
198618.5Dexter Manley
29%
201417.0Elvis Dumervil
29%
200016.5Warren Sapp
29%
200017.0La'Roi Glover
29%
201116.5Jason Pierre-Paul
29%
200315.0Simeon Rice
29%
198317.5Fred Dean
29%
199117.0Pat Swilling
14%
198918.0Keith Millard
14%
198517.0Richard Dent
14%
199016.0Charles Haley
14%
201315.0Greg Hardy
14%
198515.5Leonard Marshall
14%
198416.0Greg Brown
14%
199115.0William Fuller
14%
200015.0Hugh Douglas
14%
199215.5Wayne Martin
14%
199917.0Kevin Carter
14%
200817.5Joey Porter
14%
199216.0Simon Fletcher
14%
200016.5Trace Armstrong
14%
201118.0Jason Babin
14%
200115.0Peter Boulware
14%
199816.5Michael Sinclair
14%
199715.5John Randle
14%
199517.5Bryce Paup
14%
199915.0Robert Porcher
0%
199715.0Dana Stubblefield
0%
198516.5Andre Tippett
0%
200315.0Adewale Ogunleye
0%
200516.0Derrick Burgess
0%
198415.0Mike Merriweather
0%
200615.5Aaron Kampman
0%
198316.0Doug Betters
0%
198316.0Curtis Greer
0%
199219.0Clyde Simmons
0%

Score Distribution

Percentile by Number Answered

Percent of People with Each Score

Your Score History

You have not taken this quiz since the last reset